The answer to the housing crisis? (Record no. 84635)

MARC details
000 -LEADER
fixed length control field 00586cad a22001935a 4500
001 - CONTROL NUMBER
control field L158610
008 - FIXED-LENGTH DATA ELEMENTS--GENERAL INFORMATION
fixed length control field 150513e20150502xxk 000 0 eng d
035 ## - SYSTEM CONTROL NUMBER
System control number (Sirsi) u158610
041 0# - LANGUAGE CODE
Language code of text/sound track or separate title eng
100 1# - MAIN ENTRY--PERSONAL NAME
Personal name Backhaus, Jacqueline
245 04 - TITLE STATEMENT
Title The answer to the housing crisis?
260 ## - PUBLICATION, DISTRIBUTION, ETC.
Date of publication, distribution, etc. 2015
490 ## - SERIES STATEMENT
Series statement Estates Gazette
Volume/sequential designation (1517) 2 May 2015, 64-66(3)
520 ## - SUMMARY, ETC.
Summary, etc. Discussion about the way forward for developers, local authorities and social landlords in the delivery of more housing.
590 ## - LOCAL NOTE (RLIN)
Local note KA
651 #4 - SUBJECT ADDED ENTRY--GEOGRAPHIC NAME
Geographic name United Kingdom
700 1# - ADDED ENTRY--PERSONAL NAME
Personal name Chilton, Jennie
942 ## - ADDED ENTRY ELEMENTS (KOHA)
Suppress in OPAC 0
Holdings
Withdrawn status Lost status Source of classification or shelving scheme Damaged status Not for loan Home library Current library Shelving location Date acquired Total Checkouts Full call number Barcode Date last seen Copy number Price effective from Koha item type
    Dewey Decimal Classification     London London Journal article 13/05/2015   L158610 158610-1001 06/08/2019 1 06/08/2019 Journal article